000 01804 a2200229 4500
001 30081
005 20260407155611.0
008 260407a2014 arg spa d
003 AR-UNSa-BCEJYS
040 _aAR-UNSa-BCEJYS
_bspa
_cAR-UNSa-BCEJYS
080 _a342.7
_xDerechos fundamentales. Derechos humanos. Derechos y deberes de los ciudadanos (Derecho a la Salud, vivienda)
245 1 0 _aLos derechos humanos en el derecho internacional
020 _a978-987-3720-04-8
264 1 _aBuenos Aires :
_bMinisterio de Justicia y Derechos Humanos de la Nación
_c2014
300 _aix, 261 p.
_c23 cm.
505 _a1. Censura indirecta y responsabilidad civil. El "Caso Fontevecchia y D`Amico vs. Argentina - 2. La diversidad cultural como criterio para la determinación de sanciones en materia penal - 3. Los derechos humanos al agua y al saneamiento: aportes para un debate nacional pendiente - 4. El delito de terrorismo, el Derecho Internacional Público y el Derecho Internacional de los Derechos Humanos - 5. El deber de garantía y de prevención y la violencia contra las mujeres - 6. El derecho de la educación como derecho humano - 7. Negocios y derechos humanos. La responsabilidad de los Estados cuando intervienanen empresas multinacionales en la violación de derechos humanos - 8. Uno de los últimos delitos sin víctimas. La prision con incesto consensuado entre hermanos adultos consanguíneos - 9. La lucha contra la trata de personas en Argentina y su compatibilidad con los estándares internacionales
041 _aspa
942 _cBK
590 _aniveau_biblio:m niveau_hierar:0
100 1 _aRey, Sebastián Alejandro
856 4 1 _uhttps://biblioeco.unsa.edu.ar/pmb/images/libros/Los Derechos Humanos en el Derecho Internacional-l125111.jpg
_yImagen de portada
_qimage/jpeg
999 _c2008
_d2008